000 01079nam0a2200301 4500
001 RU\NLR\b_ik\152537
005 20250616230018.0
010 _a5-900078-43-8
_9500
035 _a(NLR Aleph) 002225575
090 _a3357696
_c3357696
100 _a20061019d2006 |||y0rusy50 ca
101 0 _aeng
102 _aRU
105 _aa |||||||||
200 1 _aAcoustic vibrations: modelling, optimisation and diagnostics
_fSergey N. Baranov a. Lev S. Kuravsky
205 _a2nd ed., enl.
210 _aMoscow
_cРУСАВИА
_d2006
215 _a223 с.
_cил.
_d25
320 _aБиблиогр.: с. 216-223 (159 назв.)
606 1 _aТонкостенные конструкции
_xАкустические колебания
_92230388
_3RU\NLR\AUTH\661338716
686 4 _aВ251.6-6
700 1 _aBaranov
_bS. N.
_gSergej N
_4070
701 1 _aKuravskij
_bL. S.
_gLev S
_4070
801 0 _aRU
_bNLR
_c20061019
_gPSBO
830 _aАкустические колебания тонкостенных конструкций
942 _cBOOK
980 _aNB